000 00370nam a2200133Ia 4500
008 240624s9999 xx 000 0 und d
041 _aeng
082 _a658.405 HAR
100 _aHARVARD BUSINESS REVIEW
245 _aHARVARD BUSINESS REVIEW ON NEGOTIATION A
260 _c2000
_aBoston
_bHarvard Businesss School Press
300 _av, : 228 : p. : cm. ; 20
365 _c
999 _c2749
_d2749